[Event "LYM - Open Général"]
[Site "Lausanne - Casino de Montbenon"]
[Date "2006.09.15"]
[Round "1"]
[White "Grillon, Alexandre"]
[Black "Fridman, Daniel"]
[Result "0-1"]
[WhiteElo "1967"]
[BlackElo "2569"]
[PlyCount "42"]
[EventDate "2006.09.15"]
[SourceDate "2006.09.15"]

1. e4 c6 2. d3 e5 3. Nf3 Nf6 4. Nbd2 d6 5. Be2 g6 6. O-O Bg7 7. c3 O-O 8. Ne1
Nbd7 9. Nc2 d5 10. Bf3 dxe4 11. dxe4 Nc5 12. b3 Be6 13. Ba3 Nfd7 14. Qe2 b5 15.
g3 a5 16. Ne1 Qb6 17. Nd3 Rfd8 18. Nxc5 Nxc5 19. Bxc5 Qxc5 20. Rac1 Bh6 21. Rc2
Rd7 0-1

[Event "LYM - Open Général"]
[Site "Lausanne - Casino de Montbenon"]
[Date "2006.09.15"]
[Round "1"]
[White "Epishin, Vladimir"]
[Black "Binder, Beat"]
[Result "1-0"]
[WhiteElo "2555"]
[BlackElo "1964"]
[PlyCount "42"]
[EventDate "2006.09.15"]
[SourceDate "2006.09.15"]

1. d4 Nc6 2. Nf3 d6 3. g3 d5 4. Bg2 e6 5. O-O Nge7 6. c4 Ng6 7. Nc3 Bb4 8. Qb3
Bxc3 9. Qxc3 Nce7 10. b4 O-O 11. a4 Kh8 12. b5 Bd7 13. Ba3 Re8 14. Nd2 c6 15.
e4 Rc8 16. Qb4 f5 17. exd5 exd5 18. h4 Nf8 19. Rfe1 Ne6 20. Nf3 cxb5 21. Ne5
Qc7 1-0

[Event "LYM - Open Général"]
[Site "Lausanne - Casino de Montbenon"]
[Date "2006.09.15"]
[Round "1"]
[White "Iordachescu, Viorel"]
[Black "Emini, Emin"]
[Result "1-0"]
[WhiteElo "2603"]
[BlackElo "1997"]
[PlyCount "47"]
[EventDate "2006.09.15"]
[SourceDate "2006.09.15"]

1. e4 e5 2. Nf3 Nc6 3. Bc4 Nf6 4. d3 d5 5. exd5 Nxd5 6. O-O Be7 7. Re1 Bg4 8.
h3 Bxf3 9. Qxf3 Nd4 10. Qd1 Qd6 11. Nc3 c6 12. Ne4 Qg6 13. Ng3 Bd6 14. c3 Ne6
15. d4 Rd8 16. Bd3 Qf6 17. dxe5 Bxe5 18. Nh5 Qh4 19. Rxe5 O-O 20. Qf3 g6 21.
Bh6 gxh5 22. Qf5 Nf6 23. g3 Qa4 24. Qg5+ 1-0

[Event "LYM - Open Général"]
[Site "Lausanne - Casino de Montbenon"]
[Date "2006.09.15"]
[Round "1"]
[White "El-Mais, Ibâa"]
[Black "Marzolo, Cyril"]
[Result "0-1"]
[WhiteElo "1898"]
[BlackElo "2440"]
[PlyCount "80"]
[EventDate "2006.09.15"]

1. d4 Nf6 2. c4 c5 3. d5 b5 4. cxb5 a6 5. f3 d6 6. e4 g6 7. Na3 Bg7 8. Ne2 O-O
9. Nc3 e6 10. b6 exd5 11. Nxd5 Nxe4 12. g3 Ng5 13. Bxg5 Qxg5 14. f4 Qd8 15. Nc4
Re8+ 16. Be2 Bg4 17. Nce3 Bxe2 18. Qxe2 Bd4 19. O-O-O Nd7 20. Qf3 Nxb6 21. Rhe1
Rb8 22. b3 Kg7 23. f5 Nxd5 24. Nxd5 Qg5+ 25. Qf4 Qxf4+ 26. gxf4 a5 27. f6+ Bxf6
28. Rxe8 Rxe8 29. Nxf6 Kxf6 30. Rxd6+ Kf5 31. Rd5+ Kxf4 32. Rxc5 f5 33. Rxa5
Ke3 34. b4 f4 35. Ra3+ Ke2 36. Rc3 f3 37. Kb2 f2 38. Rc2+ Kf3 39. Rc3+ Kg2 40.
Rc2 Kg1 0-1

[Event "LYM - Open Général"]
[Site "Lausanne - Casino de Montbenon"]
[Date "2006.09.15"]
[Round "1"]
[White "Emmot, Steven"]
[Black "Guliyev, Namig"]
[Result "0-1"]
[WhiteElo "1952"]
[BlackElo "2543"]
[PlyCount "72"]
[EventDate "2006.09.15"]

1. e4 c5 2. Nc3 Nc6 3. f4 g6 4. Nf3 Bg7 5. Bb5 e6 6. Bxc6 dxc6 7. O-O Ne7 8. d3
O-O 9. Qe1 b6 10. Be3 Ba6 11. Rd1 Nc8 12. e5 f5 13. Ng5 Qe8 14. Rf3 h6 15. Nh3
Ne7 16. Na4 c4 17. d4 c5 18. Nc3 cxd4 19. Bxd4 Rd8 20. Ne2 Bb7 21. Rf2 Rf7 22.
c3 Qa4 23. Nc1 Nc6 24. Rfd2 Nxd4 25. Rxd4 Rxd4 26. Rxd4 Bf8 27. b3 Qc6 28. Rd2
cxb3 29. Nxb3 Qxc3 30. Qg3 Qxg3 31. hxg3 Rc7 32. Nf2 h5 33. Nh3 Bd5 34. Ng5 Bb4
35. Rd4 a5 36. Kf1 Rc2 0-1

[Event "LYM - Open Général"]
[Site "Lausanne - Casino de Montbenon"]
[Date "2006.09.15"]
[Round "1"]
[White "Jones, Alessandro"]
[Black "Libiszewski, Fabien"]
[Result "0-1"]
[WhiteElo "1906"]
[BlackElo "2482"]
[PlyCount "44"]
[EventDate "2006.09.15"]
[SourceDate "2006.09.15"]

1. d4 Nf6 2. Nf3 g6 3. Nc3 d5 4. Bf4 Bg7 5. Qd2 O-O 6. h4 c5 7. e3 Nc6 8. Ne5
Nd7 9. Nxd5 Ncxe5 10. dxe5 Nxe5 11. O-O-O e6 12. Nc3 Qa5 13. Kb1 Nc6 14. Nb5
Rd8 15. Qc1 e5 16. Bg3 Be6 17. c4 Nb4 18. Na3 Bf5+ 19. Ka1 Bc2 20. Rxd8+ Rxd8
21. Be2 e4 22. f3 Qxa3 0-1

[Event "LYM - Open Général"]
[Site "Lausanne - Casino de Montbenon"]
[Date "2006.09.15"]
[Round "1"]
[White "Conrad, Vincent"]
[Black "Malakhatko, Vadim"]
[Result "0-1"]
[WhiteElo "1864"]
[BlackElo "2594"]
[PlyCount "80"]
[EventDate "2006.09.15"]
[SourceDate "2006.09.15"]

1. Nf3 d5 2. d4 Nf6 3. c4 e6 4. Qc2 c5 5. cxd5 Nxd5 6. e3 cxd4 7. exd4 Nc6 8.
Nc3 Be7 9. Bb5 Ndb4 10. Qd1 a6 11. Bxc6+ Nxc6 12. O-O O-O 13. Bf4 b5 14. Rc1
Bb7 15. Qd2 Rc8 16. Rfd1 Nb4 17. Qe2 Nd5 18. Nxd5 Qxd5 19. a3 a5 20. Bc7 b4 21.
axb4 axb4 22. Bb6 Rxc1 23. Rxc1 b3 24. Qe5 Bd6 25. Qxd5 Bxd5 26. Bc5 Bf4 27.
Ra1 Ra8 28. Rxa8+ Bxa8 29. Ne5 f6 30. Nd3 Bc7 31. g3 Be4 32. Nc1 Bd5 33. Kf1
Bc4+ 34. Kg2 Ba5 35. Kf3 Bd2 36. Ne2 Bd5+ 37. Kg4 h5+ 38. Kh3 g5 39. f4 Bc4 40.
fxg5 fxg5 0-1

[Event "LYM - Open Général"]
[Site "Lausanne - Casino de Montbenon"]
[Date "2006.09.15"]
[Round "1"]
[White "Anderson, Ulf"]
[Black "Gillieron, Jean-Marc"]
[Result "1-0"]
[WhiteElo "2542"]
[BlackElo "1921"]
[PlyCount "83"]
[EventDate "2006.09.15"]
[SourceDate "2006.09.15"]

1. d4 Nf6 2. Nf3 g6 3. c4 Bg7 4. g3 O-O 5. Bg2 d6 6. O-O Nbd7 7. Nc3 e5 8. e4
Re8 9. Re1 a5 10. h3 exd4 11. Nxd4 Nc5 12. Rb1 Rb8 13. b3 Ne6 14. Be3 Nxd4 15.
Bxd4 b6 16. Qd2 Bb7 17. f4 Nd7 18. Rbd1 Bxd4+ 19. Qxd4 Nc5 20. Qf2 Qf6 21. e5
dxe5 22. Bxb7 Rxb7 23. Nd5 Qg7 24. fxe5 Nd7 25. Nf6+ Nxf6 26. exf6 Qf8 27. Rxe8
Qxe8 28. Qe2 Rb8 29. Qe7 c6 30. Rd6 h5 31. Kf2 b5 32. c5 a4 33. b4 Qc8 34. Rd7
Qe8 35. g4 hxg4 36. hxg4 Rc8 37. Kf3 Qf8 38. g5 Re8 39. Qxf8+ Kxf8 40. Rc7 Kg8
41. Rxc6 Re5 42. Rd6 1-0

[Event "LYM - Open Général"]
[Site "Lausanne - Casino de Montbenon"]
[Date "2006.09.15"]
[Round "1"]
[White "Hauchard, Arnaud"]
[Black "Meyer, Jörg-Dieter"]
[Result "1-0"]
[WhiteElo "2483"]
[BlackElo "1917"]
[PlyCount "93"]
[EventDate "2006.09.15"]
[SourceDate "2006.09.15"]

1. c4 c5 2. Nf3 Nf6 3. Nc3 d5 4. cxd5 Nxd5 5. Qa4+ Nc6 6. Ne5 Bd7 7. Nxd7 Qxd7
8. g3 e6 9. Bg2 Be7 10. O-O O-O 11. d3 Rfd8 12. Rd1 Rac8 13. Bd2 Bf6 14. Ne4
Be7 15. Rac1 b6 16. Kf1 Nd4 17. Qxd7 Rxd7 18. e3 Nb5 19. Ke2 Rcd8 20. Be1 f5
21. Nc3 Nbxc3+ 22. bxc3 Nf6 23. c4 Ng4 24. h3 Ne5 25. Rc3 Bf6 26. f4 Nf7 27.
Rb3 Nd6 28. Bc6 Rc7 29. Bf3 Nb7 30. Ra3 Nd6 31. Rb1 Kf7 32. Ra6 Rcd7 33. Rb3
Nc8 34. a4 Rg8 35. g4 g6 36. a5 Bd8 37. axb6 Bxb6 38. Bc3 Rgd8 39. Be5 Nd6 40.
Ra1 h6 41. Rba3 Kg8 42. Rg1 Kf7 43. Rg2 Ne8 44. gxf5 gxf5 45. Bh5+ Ke7 46. Rg6
Nd6 47. Bf6+ 1-0

[Event "LYM - Open Général"]
[Site "Lausanne - Casino de Montbenon"]
[Date "2006.09.15"]
[Round "1"]
[White "Khenkin, Igor"]
[Black "Tcheau, Alain"]
[Result "1-0"]
[WhiteElo "2586"]
[BlackElo "1986"]
[PlyCount "141"]
[EventDate "2006.09.15"]
[SourceDate "2006.09.15"]

1. d4 d5 2. c4 e6 3. Nf3 Nf6 4. Nc3 b6 5. cxd5 exd5 6. Bg5 Be7 7. Qa4+ c6 8. e3
O-O 9. Bd3 Ne4 10. Bxe4 Bxg5 11. Nxg5 Qxg5 12. Bf3 Bg4 13. Bxg4 Qxg4 14. O-O a5
15. Rac1 Qe6 16. Ne2 Qd6 17. Rc3 Ra7 18. Rfc1 Rc7 19. Nf4 Rfc8 20. Qa3 Qxa3 21.
Rxa3 Nd7 22. g4 h6 23. h4 Nf6 24. f3 g5 25. hxg5 hxg5 26. Ne2 Ne8 27. Rb3 b5
28. Rbc3 Nd6 29. b3 Kg7 30. Ng3 Kg6 31. e4 b4 32. Rc5 Nb5 33. Ne2 dxe4 34. fxe4
Nd6 35. Ng3 Nb5 36. Ne2 Nd6 37. d5 Nxe4 38. Rxc6+ Rxc6 39. Rxc6+ Rxc6 40. dxc6
Kf6 41. c7 Nd6 42. Nd4 Ke5 43. Nf5 Nc8 44. Kf2 Kf4 45. Nh6 f6 46. Ke2 Ke4 47.
Kd2 Kd4 48. Kc2 Ke4 49. Kd2 Kd4 50. Nf5+ Ke4 51. Ne3 Kd4 52. Nf5+ Ke4 53. Ke2
Kf4 54. Ne3 Ke4 55. Nc4 Kf4 56. Nxa5 Kxg4 57. Nc6 Kf4 58. Nxb4 Ke4 59. a4 Kd4
60. Na6 Kd5 61. b4 Kc6 62. Ke3 Kb6 63. b5 Ka5 64. Nc5 Kb6 65. Ne6 Ka5 66. Kd4
Kxa4 67. Kc5 Ka5 68. Nd4 g4 69. Nc6+ Ka4 70. b6 g3 71. Nd4 1-0

[Event "LYM - Open Général"]
[Site "Lausanne - Casino de Montbenon"]
[Date "2006.09.15"]
[Round "1"]
[White "Jorns, Benedikt"]
[Black "Gallagher, Joseph"]
[Result "0-1"]
[WhiteElo "1917"]
[BlackElo "2516"]
[PlyCount "68"]
[EventDate "2006.09.15"]

1. c4 g6 2. Nc3 Bg7 3. d4 Nf6 4. Nf3 O-O 5. Bg5 h6 6. Bh4 d6 7. e3 c5 8. Be2
Bf5 9. O-O Nbd7 10. Nd2 cxd4 11. exd4 Qb6 12. Nb3 g5 13. Bg3 a5 14. Na4 Qc6 15.
Nc3 Qb6 16. Na4 Qc6 17. Nc3 e5 18. Re1 Rfd8 19. Bd3 Bxd3 20. Qxd3 a4 21. Nd2
exd4 22. Nb5 Nc5 23. Qf3 d3 24. Rab1 Qxf3 25. Nxf3 d5 26. Bc7 Re8 27. Bd6 Nce4
28. Be5 dxc4 29. Nc7 Rxe5 30. Nxa8 Rc5 31. Nb6 a3 32. Na4 Rc7 33. Nc3 Nxc3 34.
bxc3 Nd5 0-1

[Event "LYM - Open Général"]
[Site "Lausanne - Casino de Montbenon"]
[Date "2006.09.15"]
[Round "1"]
[White "Genov, Petar"]
[Black "Kurschat, Serge"]
[Result "1-0"]
[WhiteElo "2479"]
[BlackElo "1899"]
[PlyCount "77"]
[EventDate "2006.09.15"]

1. c4 c6 2. d4 d5 3. Nc3 Nf6 4. Nf3 a6 5. a4 a5 6. cxd5 cxd5 7. Bf4 e6 8. e3
Be7 9. Bd3 Nc6 10. Rc1 O-O 11. O-O Nb4 12. Bb1 Bd7 13. Ne5 Bc6 14. Qf3 Rc8 15.
Qh3 g6 16. Bh6 Re8 17. f4 Ne4 18. Nxc6 Rxc6 19. Nxe4 dxe4 20. Bxe4 Rxc1 21.
Rxc1 Qd7 22. Qf3 Rc8 23. Qd1 Rxc1 24. Qxc1 b6 25. b3 Nd5 26. Kf2 Bf8 27. Bxf8
Kxf8 28. Qc4 Kg7 29. Bf3 Nb4 30. e4 Qd6 31. Ke3 Kf8 32. g4 Qc6 33. Qxc6 Nxc6
34. Kd3 Ke7 35. Kc4 Na7 36. e5 f5 37. g5 Kd7 38. d5 exd5+ 39. Bxd5 1-0

[Event "LYM - Open Général"]
[Site "Lausanne - Casino de Montbenon"]
[Date "2006.09.16"]
[Round "2"]
[White "Fridman, Daniel"]
[Black "Michiels, Luc"]
[Result "1-0"]
[WhiteElo "2569"]
[BlackElo "2195"]
[PlyCount "53"]
[EventDate "2006.09.16"]
[SourceDate "2006.09.16"]

1. Nf3 d5 2. c4 c6 3. e3 e6 4. b3 Nf6 5. Bb2 Nbd7 6. Nc3 Bd6 7. Qc2 O-O 8. Be2
Re8 9. O-O a6 10. d4 b5 11. e4 dxe4 12. Nxe4 Nxe4 13. Qxe4 Bb7 14. Bd3 f5 15.
Qe2 Rc8 16. a4 b4 17. c5 Bb8 18. Bxa6 Bxa6 19. Qxa6 Nf6 20. Rfe1 Nd5 21. Bc1 h6
22. Nd2 Qd7 23. Qc4 Qb7 24. a5 Bc7 25. a6 Qb8 26. a7 Qb7 27. Qa6 1-0

[Event "LYM - Open Général"]
[Site "Lausanne - Casino de Montbenon"]
[Date "2006.09.16"]
[Round "2"]
[White "Furrer, Marc"]
[Black "Epishin, Vladimir"]
[Result "0-1"]
[WhiteElo "2184"]
[BlackElo "2555"]
[PlyCount "46"]
[EventDate "2006.09.16"]
[SourceDate "2006.09.16"]

1. d4 c5 2. d5 f5 3. Nc3 Nf6 4. g3 g6 5. h4 Bg7 6. Bg2 O-O 7. Nh3 e5 8. Be3 d6
9. Qd2 Nbd7 10. a4 e4 11. Bh6 Bxh6 12. Qxh6 Ne5 13. Qc1 b6 14. O-O a6 15. Rd1
Ra7 16. e3 h6 17. Bf1 g5 18. hxg5 Nf3+ 19. Kg2 hxg5 20. Be2 Rh7 21. Rh1 Qe8 22.
Bc4 Qh5 23. Ne2 Ne5 0-1

[Event "LYM - Open Général"]
[Site "Lausanne - Casino de Montbenon"]
[Date "2006.09.16"]
[Round "2"]
[White "Strugnell, Carl"]
[Black "Iordachescu, Viorel"]
[Result "1-0"]
[WhiteElo "2216"]
[BlackElo "2603"]
[PlyCount "75"]
[EventDate "2006.09.16"]
[SourceDate "2006.09.16"]

1. e4 g6 2. d4 Bg7 3. Nc3 c6 4. Be3 Qb6 5. Rb1 Nf6 6. e5 Nd5 7. Nxd5 cxd5 8.
Qd2 d6 9. f4 O-O 10. Bd3 Nc6 11. c3 f6 12. exf6 Rxf6 13. Nf3 Bf5 14. O-O e6 15.
b3 Raf8 16. Rbe1 Qc7 17. Re2 h6 18. Bf2 Bg4 19. Bg3 Qf7 20. Re3 Ne7 21. h3 Nf5
22. Bxf5 Bxf5 23. Bh4 g5 24. fxg5 hxg5 25. Bxg5 Rg6 26. h4 Bh8 27. Nh2 Qh7 28.
Ref3 Re8 29. Qf4 Qg7 30. Rg3 Qh7 31. Qxd6 Bg7 32. Nf3 Rc8 33. Ne5 Bf8 34. Qd7
Qxd7 35. Nxd7 Bd6 36. Re3 Kh8 37. Ne5 Rcg8 38. Nf7+ 1-0

[Event "LYM - Open Général"]
[Site "Lausanne - Casino de Montbenon"]
[Date "2006.09.16"]
[Round "2"]
[White "Malakhatko, Vadim"]
[Black "Roosendal, Chris"]
[Result "1-0"]
[WhiteElo "2594"]
[BlackElo "2210"]
[PlyCount "105"]
[EventDate "2006.09.16"]
[SourceDate "2006.09.16"]

1. d4 Nf6 2. c4 e6 3. Nf3 b6 4. g3 Ba6 5. b3 Bb4+ 6. Bd2 Be7 7. Nc3 d5 8. cxd5
Nxd5 9. Nxd5 exd5 10. Qc2 c5 11. Bc3 O-O 12. e3 Qc8 13. Bxa6 Qxa6 14. Qe2 Rc8
15. dxc5 bxc5 16. Qxa6 Nxa6 17. Ke2 d4 18. exd4 cxd4 19. Bxd4 Rc2+ 20. Kf1 Nb4
21. Kg2 a5 22. a3 Nc6 23. Be3 Rc8 24. Rhc1 Rxc1 25. Rxc1 Bxa3 26. Rc4 Ne7 27.
Rxc8+ Nxc8 28. Bd2 Bb4 29. Bxb4 axb4 30. Nd4 Nd6 31. Kf3 f5 32. Kf4 g6 33. f3
Kf7 34. Ke5 Nb7 35. Kd5 Kf6 36. f4 g5 37. Kc4 h5 38. Kxb4 h4 39. fxg5+ Kxg5 40.
gxh4+ Kxh4 41. Nxf5+ Kh3 42. Kb5 Kxh2 43. b4 Kh3 44. Kc6 Nd8+ 45. Kd7 Nf7 46.
b5 Ne5+ 47. Kc7 Nc4 48. Nd6 Ne3 49. Kc6 Nc2 50. b6 Nb4+ 51. Kb5 Nd5 52. b7 Nc7+
53. Ka5 1-0

[Event "LYM - Open Général"]
[Site "Lausanne - Casino de Montbenon"]
[Date "2006.09.16"]
[Round "2"]
[White "Vianin, Pascal"]
[Black "Khenkin, Igor"]
[Result "0-1"]
[WhiteElo "2197"]
[BlackElo "2486"]
[PlyCount "88"]
[EventDate "2006.09.16"]
[SourceDate "2006.09.16"]

1. e4 c6 2. d4 d5 3. e5 c5 4. c3 Nc6 5. Nf3 Bg4 6. Be2 e6 7. Nbd2 cxd4 8. Nxd4
Bxe2 9. Qxe2 Nxd4 10. cxd4 Qb6 11. Nf3 Ne7 12. O-O Nf5 13. Rd1 Rc8 14. g4 Ne7
15. Be3 Nc6 16. Rac1 Be7 17. Rc3 O-O 18. Rb3 Qc7 19. Qb5 Rb8 20. Rc1 Qd8 21.
Qd3 Qd7 22. Ng5 Bxg5 23. Bxg5 Rbc8 24. Rbc3 h6 25. Bd2 f6 26. exf6 Rxf6 27. g5
hxg5 28. Bxg5 Rf5 29. f4 Rcf8 30. b4 Nxb4 31. Qe2 Nc6 32. Rh3 Qf7 33. Rd1 Rc8
34. Qg4 Qg6 35. Qh4 Kf7 36. Rg3 Ke8 37. Qg4 Kd7 38. Qe2 Rf7 39. Qb5 Rc7 40. Rc1
Qe4 41. f5 Qxf5 42. Be3 Kc8 43. Rg5 Qe4 44. Bf2 Qf4 0-1

[Event "LYM - Open Général"]
[Site "Lausanne - Casino de Montbenon"]
[Date "2006.09.16"]
[Round "2"]
[White "Gaulé, Patrick"]
[Black "Andersson, Ulf"]
[Result "0-1"]
[WhiteElo "2162"]
[BlackElo "2542"]
[PlyCount "160"]
[EventDate "2006.09.16"]
[SourceDate "2006.09.16"]

1. d4 Nf6 2. c4 e6 3. Nc3 d5 4. Nf3 Nbd7 5. Bg5 h6 6. Bh4 Be7 7. e3 Ne4 8. Bxe7
Qxe7 9. Nxe4 dxe4 10. Nd2 f5 11. Qh5+ Qf7 12. Qxf7+ Kxf7 13. b4 e5 14. Be2 exd4
15. exd4 Nf6 16. Nb3 f4 17. O-O-O Re8 18. d5 Bd7 19. Rd4 Rad8 20. f3 g5 21.
fxe4 Rxe4 22. Rxe4 Nxe4 23. Re1 Nf6 24. Bf3 b6 25. Nd4 Re8 26. Rxe8 Kxe8 27. h3
Ke7 28. Kd2 Kd6 29. Kd3 h5 30. Bd1 g4 31. hxg4 hxg4 32. Bc2 Ke5 33. Bd1 Ne4 34.
Bb3 Nf6 35. Bd1 Ng8 36. Ne6 Bxe6 37. dxe6 Kxe6 38. Bxg4+ Ke5 39. Bf3 c5 40.
bxc5 bxc5 41. Bd5 Nf6 42. Bf3 Ne8 43. Bc6 Nd6 44. Bf3 Kf5 45. Bd5 Kg4 46. Bf3+
Kh4 47. Be4 Kg5 48. Bf3 Kf6 49. Bd5 Ke5 50. Bf3 Ne8 51. Bc6 Nc7 52. Bb7 Ne6 53.
Bf3 Ng5 54. Bd5 Kd6 55. Ke2 Kc7 56. Kf2 Kd6 57. Ke2 Kd7 58. Kd3 Kc7 59. Kc3 Kb6
60. Kb3 Ka5 61. Ka3 Nh7 62. Kb3 Nf6 63. Bf3 Nd7 64. Bc6 Ne5 65. Be4 Kb6 66. Kc3
Kc7 67. Bd5 Kd6 68. Kd2 Ke7 69. Ke2 Kf6 70. Kf2 Nd3+ 71. Kf3 Ke5 72. a3 a5 73.
Bg8 Ne1+ 74. Ke2 Nxg2 75. Kf3 Ne3 76. Bf7 Nc2 77. a4 Nd4+ 78. Kf2 Ne6 79. Bg8
Ng5 80. Bd5 Kd4 0-1

[Event "LYM - Open Général"]
[Site "Lausanne - Casino de Montbenon"]
[Date "2006.09.16"]
[Round "2"]
[White "Guliyev, Namig"]
[Black "Oei, Hwak Ik"]
[Result "1-0"]
[WhiteElo "2543"]
[BlackElo "2182"]
[PlyCount "91"]
[EventDate "2006.09.16"]
[SourceDate "2006.09.16"]

1. e4 c6 2. d4 d5 3. Nc3 dxe4 4. Nxe4 Bf5 5. Ng3 Bg6 6. Bc4 Nd7 7. N1e2 e6 8.
Nf4 Nb6 9. Bb3 Bd6 10. h4 Bxf4 11. Bxf4 h6 12. h5 Bh7 13. c4 Nf6 14. Ne2 O-O
15. f3 Re8 16. g4 Nfd7 17. Kf2 e5 18. Bxe5 Nxe5 19. dxe5 Qg5 20. f4 Qxg4 21.
Qg1 Qf5 22. Qg3 Rxe5 23. Rag1 Rxe2+ 24. Kxe2 Qf6 25. Qe3 Qxb2+ 26. Kf3 Rd8 27.
Rd1 Rf8 28. Qd4 Qxd4 29. Rxd4 c5 30. Rdd1 Bf5 31. Rhe1 Be6 32. Re4 Rc8 33. a4
a5 34. Rd6 Na8 35. Re5 Kf8 36. f5 Ke7 37. Rdd5 Nb6 38. fxe6 Nxd5 39. exf7+ Kxf7
40. cxd5 c4 41. Bc2 c3 42. Ke3 Kf6 43. Re6+ Kg5 44. Rg6+ Kxh5 45. Rxg7 b6 46.
Kd4 1-0

[Event "LYM - Open Général"]
[Site "Lausanne - Casino de Montbenon"]
[Date "2006.09.16"]
[Round "2"]
[White "Gallagher, Joseph"]
[Black "Berset, Philippe"]
[Result "1-0"]
[WhiteElo "2516"]
[BlackElo "2144"]
[PlyCount "77"]
[EventDate "2006.09.16"]
[SourceDate "2006.09.16"]

1. e4 e6 2. d4 d5 3. Nd2 Nf6 4. e5 Nfd7 5. c3 c5 6. Bd3 Nc6 7. Ngf3 g6 8. h4
Be7 9. O-O a5 10. Re1 cxd4 11. cxd4 Qb6 12. Qa4 Qb4 13. Qc2 Nxd4 14. Nxd4 Qxd4
15. Nf3 Qg4 16. Bb5 O-O 17. Qc7 Bd8 18. Qd6 Qb4 19. Bh6 Be7 20. Qxb4 Bxb4 21.
Rec1 b6 22. Rc7 Nxe5 23. Nxe5 Bd6 24. Nd7 Bxc7 25. Nxf8 Be5 26. Rb1 Bd6 27. Nd7
Bxd7 28. Bxd7 Rd8 29. Rc1 Bc5 30. Bb5 f6 31. a3 Kf7 32. Bd2 e5 33. Bxa5 Bxf2+
34. Kxf2 bxa5 35. Rc7+ Ke6 36. Rxh7 e4 37. Ke3 Ke5 38. Re7+ Kf5 39. Bd7+ 1-0

[Event "LYM - Open Général"]
[Site "Lausanne - Casino de Montbenon"]
[Date "2006.09.16"]
[Round "2"]
[White "Libiszewski, Fabien"]
[Black "Pahud, Cédric"]
[Result "1-0"]
[WhiteElo "2482"]
[BlackElo "2128"]
[PlyCount "143"]
[EventDate "2006.09.16"]
[SourceDate "2006.09.16"]

1. e4 c5 2. Nf3 d6 3. Bb5+ Nd7 4. d4 Ngf6 5. O-O cxd4 6. Qxd4 a6 7. Bxd7+ Nxd7
8. Bg5 Qc7 9. Nc3 e6 10. Rfe1 Ne5 11. Nd2 Qc5 12. Qxc5 dxc5 13. Rad1 f6 14. Bf4
Nc6 15. Nc4 e5 16. Nb6 Rb8 17. Be3 Nd4 18. Rd2 Bd7 19. Ncd5 Bc6 20. c3 Ne6 21.
Red1 Be7 22. Nxe7 Kxe7 23. Nd7 Bxd7 24. Rxd7+ Ke8 25. f3 Rf8 26. R1d5 b6 27. b4
Rf7 28. Rxf7 Kxf7 29. Rd7+ Ke8 30. Ra7 a5 31. a3 axb4 32. axb4 cxb4 33. cxb4
Kd8 34. Kf2 Nc7 35. h4 Kd7 36. g4 Kc6 37. Ra1 Kb5 38. Ra7 Kc6 39. g5 Rb7 40.
Ra1 Kb5 41. Rd1 Kc6 42. Rd8 fxg5 43. hxg5 Na6 44. Bd2 Re7 45. Bc3 Kb5 46. Rd5+
Kc4 47. Rxe5 Rb7 48. Be1 Nxb4 49. Bxb4 Kxb4 50. f4 Kc4 51. f5 b5 52. f6 gxf6
53. gxf6 b4 54. Re7 Rb8 55. f7 Rf8 56. Ke3 b3 57. Rc7+ Kb5 58. Kd2 Kb6 59. Re7
h5 60. e5 h4 61. e6 h3 62. Re8 h2 63. Rxf8 h1=Q 64. Rb8+ Ka7 65. f8=Q Qh2+ 66.
Kc3 Qe5+ 67. Kb4 Qe1+ 68. Kb5 Qe2+ 69. Ka4 Qa6+ 70. Kb4 b2 71. Ra8+ Kb7 72.
Qc8+ 1-0

[Event "LYM - Open Général"]
[Site "Lausanne - Casino de Montbenon"]
[Date "2006.09.16"]
[Round "2"]
[White "Meleki, Manuel"]
[Black "Genov, Petar"]
[Result "0-1"]
[WhiteElo "2131"]
[BlackElo "2479"]
[PlyCount "112"]
[EventDate "2006.09.16"]
[SourceDate "2006.09.16"]

1. Nf3 d5 2. d4 Bf5 3. c4 e6 4. Nc3 c6 5. Qb3 Qb6 6. c5 Qc7 7. Bf4 Qc8 8. e3
Nf6 9. h3 Be7 10. Be2 Nbd7 11. Rc1 h6 12. Bh2 O-O 13. O-O Bd8 14. Bd6 Re8 15.
Ne5 Bc7 16. Bxc7 Qxc7 17. f4 Ne4 18. Nxe4 Bxe4 19. Nxd7 Qxd7 20. Bd3 Bxd3 21.
Qxd3 f6 22. Rce1 Rad8 23. b4 e5 24. fxe5 fxe5 25. a4 Re7 26. b5 Rde8 27. bxc6
Qxc6 28. Rb1 exd4 29. exd4 Re4 30. Qf3 Qd7 31. Qb3 R8e7 32. Qf3 Rxd4 33. Qf8+
Kh7 34. Rbe1 Rde4 35. Rxe4 dxe4 36. Qf5+ Qxf5 37. Rxf5 Kg6 38. Rf8 Rc7 39. Ra8
a6 40. Rb8 Kf5 41. Kf2 Ke5 42. Ke3 Kd5 43. c6 Kxc6 44. Kxe4 Kb6 45. Kd5 Ka5 46.
Kd6 Rc6+ 47. Kd7 Rg6 48. g4 b6 49. Ra8 Rf6 50. Ke7 Rf3 51. Rf8 Rxh3 52. Rf4 g5
53. Re4 Rf3 54. Re6 Rf4 55. Rxh6 Rxa4 56. Kd6 Rxg4 0-1

[Event "LYM - Open Général"]
[Site "Lausanne - Casino de Montbenon"]
[Date "2006.09.16"]
[Round "2"]
[White "Marzolo, Cyril"]
[Black "Maleki, Nicolas"]
[Result "1-0"]
[WhiteElo "2440"]
[BlackElo "2107"]
[PlyCount "75"]
[EventDate "2006.09.16"]
[SourceDate "2006.09.16"]

1. d4 d5 2. Nf3 Nf6 3. c4 c6 4. Nc3 dxc4 5. a4 Bf5 6. Ne5 Nbd7 7. Nxc4 Qc7 8.
g3 e5 9. dxe5 Nxe5 10. Bf4 Nfd7 11. Bg2 g5 12. Bxe5 Nxe5 13. Qd4 f6 14. Ne3 Bg6
15. O-O-O Qb6 16. Ne4 Be7 17. f4 gxf4 18. gxf4 Qxd4 19. Rxd4 c5 20. Rdd1 Nc6
21. f5 Bh5 22. Nd6+ Bxd6 23. Rxd6 O-O 24. Nd5 Nd4 25. Nxf6+ Rxf6 26. Rxf6 Nxe2+
27. Kb1 Kg7 28. Rd6 Bg4 29. f6+ Kf7 30. Bd5+ Kf8 31. Ka2 Rb8 32. Re1 Nf4 33.
Rg1 Nxd5 34. Rxg4 Ne3 35. Rf4 b5 36. axb5 Rxb5 37. f7 Ra5+ 38. Kb1 1-0

[Event "LYM - Open Général"]
[Site "Lausanne - Casino de Montbenon"]
[Date "2006.09.16"]
[Round "3"]
[White "Bagri, Jaspaul"]
[Black "Libiszewski, Fabien"]
[Result "0-1"]
[WhiteElo "2252"]
[BlackElo "2482"]
[PlyCount "62"]
[EventDate "2006.09.16"]
[SourceDate "2006.09.16"]

1. c4 e5 2. Nc3 Nf6 3. Nf3 Nc6 4. g3 Nd4 5. Bg2 Nxf3+ 6. Bxf3 Bc5 7. d3 h6 8.
a3 a6 9. b4 Ba7 10. Bb2 d6 11. Qa4+ Bd7 12. Qb3 Rb8 13. e3 O-O 14. h4 b5 15.
Nd5 Ng4 16. Qd1 f5 17. cxb5 axb5 18. O-O Kh8 19. Rc1 c6 20. Bxg4 fxg4 21. Nc3
Rf3 22. Ne4 Qe7 23. Kg2 Rbf8 24. Qe2 Qe6 25. Rce1 Qd5 26. Qc2 Bc8 27. Kg1 Bb7
28. Nc3 Qe6 29. d4 exd4 30. exd4 Qc4 31. Re7 Rxg3+ 0-1

[Event "LYM - Open Général"]
[Site "Lausanne - Casino de Montbenon"]
[Date "2006.09.16"]
[Round "3"]
[White "Raetsky, Alexander"]
[Black "Malakhatko, Vadim"]
[Result "1/2-1/2"]
[WhiteElo "2411"]
[BlackElo "2594"]
[PlyCount "58"]
[EventDate "2006.09.16"]
[SourceDate "2006.09.16"]

1. d4 d5 2. c4 c6 3. Nf3 Nf6 4. Qc2 Bg4 5. Ne5 Bh5 6. Nc3 dxc4 7. e3 Bg6 8.
Bxc4 e6 9. Nxg6 hxg6 10. Bd2 Be7 11. O-O-O Nbd7 12. h3 Rc8 13. Kb1 a6 14. Ne4
Nxe4 15. Qxe4 Nf6 16. Qc2 O-O 17. Be2 c5 18. dxc5 Bxc5 19. Qb3 Qe7 20. Bf3 b5
21. Rc1 e5 22. Rc2 e4 23. Be2 Bd6 24. Rhc1 Rxc2 25. Qxc2 Bb4 26. Bxb4 Qxb4 27.
a3 Qd6 28. Qc6 Qd2 29. Qc2 Qd6 1/2-1/2

[Event "LYM - Open Général"]
[Site "Lausanne - Casino de Montbenon"]
[Date "2006.09.16"]
[Round "3"]
[White "Khenkin, Igor"]
[Black "Lamoureux, Charles"]
[Result "1/2-1/2"]
[WhiteElo "2586"]
[BlackElo "2375"]
[PlyCount "49"]
[EventDate "2006.09.16"]
[SourceDate "2006.09.16"]

1. d4 d5 2. c4 e6 3. Nf3 Nf6 4. Nc3 Be7 5. Bf4 O-O 6. e3 Nbd7 7. a3 dxc4 8.
Bxc4 a6 9. Ba2 c5 10. dxc5 Nxc5 11. Ne5 Ncd7 12. Nc4 Nb6 13. Qxd8 Bxd8 14. Bd6
Re8 15. Ne5 Bd7 16. Rc1 Rc8 17. Ke2 Be7 18. Bxe7 Rxe7 19. Rhd1 Be8 20. Bb3 Rec7
21. Rd6 Nbd7 22. Nxd7 Bxd7 23. Rcd1 Kf8 24. f3 Ke7 25. R6d4 1/2-1/2